Bezpieczeństwo międzynarodowe i wyzwania dla bezpieczeństwa narodowego

Salvato in:
Dettagli Bibliografici
Autore principale: Pružinský, Michal, 1952-
Altri autori: Varhoľák, Peter
Natura: Capitolo di libro
Lingua:inglese
Soggetti:
Tags: Aggiungi Tag
Nessun Tag, puoi essere il primo ad aggiungerne!!

MARC

LEADER 00000naa$a2200000$$$4500
001 0193125
005 20240502083447.9
041 0 |a eng 
044 |a PL 
245 1 0 |a Bezpieczeństwo międzynarodowe i wyzwania dla bezpieczeństwa narodowego  |c Michal Pružinský, Peter Varhoľák 
610 2 0 |a bezpečnosť medzinárodná 
610 2 0 |a bezpečnosť národná 
610 2 0 |a politika medzinárodná 
610 2 0 |a vzťahy medzinárodné 
610 2 0 |a organizácie 
100 1 |a Pružinský, Michal, 1952- 
700 1 |a Varhoľák, Peter